书目信息 |
| 题名: |
中国历史人文地理
|
|
| 作者: | 邹逸麟 主编 | |
| 分册: | ||
| 出版信息: | 北京 科学出版社 2001 |
|
| 页数: | 437页 | |
| 开本: | 26cm | |
| 丛书名: | 中国人文地理丛书 | |
| 单 册: | ||
| 中图分类: | K901.9 | |
| 科图分类: | ||
| 主题词: | 历史人文地理--中国 | |
| 电子资源: | ||
| ISBN: | 7-03-009065-9 | |
| 000 | 00694nam0 2200229 45 | |
| 001 | 0304011538 | |
| 005 | 20031219104108.4 | |
| 010 | @a7-03-009065-9@b精装@dCNY63.00 | |
| 100 | @a20030401d2001 km y0chiy0120 ea | |
| 101 | 0 | @achi |
| 105 | @a z 000yy | |
| 200 | 1 | @a中国历史人文地理@AZhong Guo Li Shi Ren Wen Di Li@f邹逸麟主编@FZou Yi Lin Zhu Bian |
| 210 | @a北京@c科学出版社@d2001 | |
| 215 | @a437页@d26cm | |
| 225 | @a中国人文地理丛书@f吴传钧主编 | |
| 410 | @12001 @a中国人文地理丛书 | |
| 410 | @1700 0@a吴传钧@AWu Chuan Jun@4主编 | |
| 606 | 0 | @a历史人文地理@y中国 |
| 690 | @aK901.9@v4 | |
| 701 | 0 | @a邹逸麟@4主编 |
| 801 | @aCN@bTSTC@c20030401 | |
| 905 | @b322074-076@dK901.9@e96@f3 | |
| 中国历史人文地理/邹逸麟主编.-北京:科学出版社,2001 |
| 437页;26cm.-(中国人文地理丛书/吴传钧主编) |
| ISBN 7-03-009065-9(精装):CNY63.00 |
| ● |
| 相关链接 |
|
|
|
|
正题名:中国历史人文地理
索取号:K901.9/96
 
预约/预借
| 序号 | 登录号 | 条形码 | 馆藏地/架位号 | 状态 | 备注 |
| 1 | 0322074 | 203220745 | 第二借阅区/ [索取号:K901.9/96] | 在馆 | |
| 2 | 0322075 | 203220754 | 第二借阅区/ [索取号:K901.9/96] | 在馆 | |
| 3 | 0322076 | 203220763 | 第二样本阅览室/ [索取号:K901.9/96] | 在馆 |